| 000 | 00000nam##2200000za#4500 |
| 001 | 9.700322 |
| 003 | CaOODSP |
| 005 | 20210625000801 |
| 007 | cr ||||||||||| |
| 008 | 150407|1957||||xxc|||||o f|0| 0 eng|d |
| 040 | |aCaOODSP|beng |
| 043 | |an-cn--- |
| 086 | 1 |aA43-1012/1957E-PDF |
| 110 | 1 |aCanada.|bAgriculture Canada. |bInformation Services. |
| 245 | 10|aLice and mites on chickens / |h[electronic resource]|c[by] P.E. Morrison and R.P. Thompson. |
| 260 | |aOttawa - Ontario : |bAgriculture Canada. |c1957. |
| 300 | |a12p.|billus., tables |
| 500 | |aHistorical publication digitized by Agriculture and Agri-Food Canada. |
| 590 | |a15-02-Supp|b2015-02-16 |
| 690 | 07|aGardening|2gcpds |
| 690 | 07|aNorthern Canada|2gcpds |
| 720 | 1 |aMorrison, P. E. |
| 720 | 1 |aThompson, R. P. |
| 775 | 08|tLes poux et les acariens des volailles – comment les détruire / |w(CaOODSP)9.644219 |
| 856 | 40|ahttp://publications.gc.ca|qPDF|s908 KB|uhttps://publications.gc.ca/collections/collection_2015/aac-aafc/A43-1012-1957-eng.pdf |
| 986 | |aPublication 1012 |